000 00444nam a2200157Ia 4500
003 GCL
008 140319s9999 xx 000 0 ara d
040 _aGCL /
_cGCL
082 0 4 _aط
_b813.087
_bف أ \\=aابراهيم المعلمv
245 1 0 _aالفرس العجيبة
490 _aالف ليلة وليلة
_v0
650 0 4 _aالقصص القصيرة
650 0 4 _aالاطفال
650 0 4 _aقصص الاطفال
942 _2ddc
_cBK
999 _c51438
_d51438